00471nam a2200193 a 4500001001300000003000900013005001700022008004100039020001000080082001300090100001300103245002000116260004600136300000900182500003500191505001300226650002500239700001300264nice12345678IN_TiNIC20260116011315.0050524s1926 laha grp 000 0 urd  ac10000a291bHOP aHoper, W aNajat Ki Taleem aLahorebChristian Knowledge Societyc1926 a192p aincludes index and biblioraphy2 aArchives aComparative Religion1 aHoper, W